Cities Closest to Bern - One Minute Sprint - Statistics

General Stats
  • This quiz has been taken 36 times
  • The average score is 9 of 20
Answer Stats
km city miles % Correct
213 Milan 132
87%
95 Zürich 59
87%
240 Lyon 149
81%
338 Munich 210
81%
435 Paris 270
81%
241 Stuttgart 150
61%
210 Turin 130
61%
438 Marseille 272
55%
490 Brussels 304
52%
631 Amsterdam 392
45%
446 Cologne 277
42%
364 Frankfurt 226
42%
479 Düsseldorf 298
35%
622 Prague 386
26%
594 Rotterdam 369
26%
508 Dortmund 316
16%
503 Essen 312
16%
521 Lille 324
16%
283 Mannheim 182
16%
388 Nuremberg 241
13%
No matching quizzes found
Score Distribution
Percent of People with Each Score
Percentile by Number Answered
Your Score History
You have not taken this quiz